<?xml version="1.0" encoding="UTF-8"?>
<record
    xmlns:xsi="http://www.w3.org/2001/XMLSchema-instance"
    xsi:schemaLocation="http://www.loc.gov/MARC21/slim http://www.loc.gov/standards/marcxml/schema/MARC21slim.xsd"
    xmlns="http://www.loc.gov/MARC21/slim">

  <leader>00637na  a2200229   4500</leader>
  <controlfield tag="001">13260</controlfield>
  <controlfield tag="003">MIRAKIL</controlfield>
  <controlfield tag="005">20181213155035.0</controlfield>
  <controlfield tag="008">161012b        tu            000 0      </controlfield>
  <datafield tag="035" ind1=" " ind2=" ">
    <subfield code="a">13260</subfield>
  </datafield>
  <datafield tag="040" ind1=" " ind2=" ">
    <subfield code="a">Milas</subfield>
    <subfield code="b">tur</subfield>
    <subfield code="c">TR-AnCHP</subfield>
  </datafield>
  <datafield tag="041" ind1=" " ind2=" ">
    <subfield code="a">tur</subfield>
  </datafield>
  <datafield tag="082" ind1=" " ind2=" ">
    <subfield code="a">330.9</subfield>
    <subfield code="b">K46k 1995</subfield>
  </datafield>
  <datafield tag="090" ind1=" " ind2=" ">
    <subfield code="a">330.9 K46k 1995</subfield>
  </datafield>
  <datafield tag="100" ind1=" " ind2=" ">
    <subfield code="a">K&#x131;rba&#x15F;, Sad&#x131;k</subfield>
  </datafield>
  <datafield tag="245" ind1=" " ind2=" ">
    <subfield code="a">Kay&#x131;td&#x131;&#x15F;&#x131; ekonomi</subfield>
    <subfield code="b">Nedenleri, boyutlar&#x131; ve &#xE7;&#xF6;z&#xFC;m yollar&#x131;</subfield>
    <subfield code="c">Sad&#x131;k K&#x131;rba&#x15F;</subfield>
  </datafield>
  <datafield tag="260" ind1=" " ind2=" ">
    <subfield code="a">Ankara </subfield>
    <subfield code="b">Tesav</subfield>
    <subfield code="c">1995</subfield>
  </datafield>
  <datafield tag="300" ind1=" " ind2=" ">
    <subfield code="a">86 s.</subfield>
    <subfield code="c">20 sm.</subfield>
  </datafield>
  <datafield tag="650" ind1=" " ind2=" ">
    <subfield code="a">Ekonomi </subfield>
    <subfield code="x">Sorunlar ve &#xE7;&#xF6;z&#xFC;m &#xF6;nerileri</subfield>
  </datafield>
  <datafield tag="650" ind1=" " ind2=" ">
    <subfield code="a">Kay&#x131;td&#x131;&#x15F;&#x131; ekonomi</subfield>
  </datafield>
  <datafield tag="942" ind1=" " ind2=" ">
    <subfield code="2">ddc</subfield>
    <subfield code="c">BKS</subfield>
  </datafield>
  <datafield tag="952" ind1=" " ind2=" ">
    <subfield code="a">0001</subfield>
    <subfield code="b">0001</subfield>
    <subfield code="d">2016-08-11</subfield>
    <subfield code="e">2</subfield>
    <subfield code="l">0</subfield>
    <subfield code="o">330.9 K46k 1995</subfield>
    <subfield code="p">001104</subfield>
    <subfield code="r">2016-08-11 00:00:00</subfield>
    <subfield code="v">0.00</subfield>
    <subfield code="w">2016-08-11</subfield>
    <subfield code="y">BKS</subfield>
  </datafield>
  <datafield tag="999" ind1=" " ind2=" ">
    <subfield code="c">5385</subfield>
    <subfield code="d">5385</subfield>
  </datafield>
</record>
